000 00503nam a2200181 a 4500
001 000012160
005 20200929162724.0
008 091106s2004 xx c 000 0 spa d
040 _aDO-SdBNP
_bspa
_cBNPHU
082 _a634.44
_bD247p
100 1 _aDevenport, Thomas L.
_928741
245 1 0 _aPoda de mango /
_cThomas L. Devenport.
260 _a[s. l.] :
_b[s. n],
_c[200?].
300 _a25 p. :
_bil. ;
_c21 cm.
650 4 _aMango
_928742
650 4 _aArboles frutales
_xPoda
_928743
049 _aBNPD
999 _c11825
_d11825